Desarrollo de guías para el laboratorio de control automático
Guardado en:
| Hovedforfatter: | |
|---|---|
| Andre forfattere: | |
| Format: | Bog |
| Udgivet: |
[San José, Costa Rica]
2004
|
| Fag: | |
| Tags: |
Tilføj Tag
Ingen Tags, Vær først til at tagge denne postø!
|
MARC
| LEADER | 00000nam a2200000Ia 4500 | ||
|---|---|---|---|
| 003 | 009311 | ||
| 005 | 20221231144139.0 | ||
| 008 | 140114s2004 cr a m 000 ||s d | ||
| 040 | |c cru CEDI | ||
| 090 | |a TFG 4850 | ||
| 100 | |a Puwan Huang Villalobos, Esteban |9 4994 | ||
| 245 | |a Desarrollo de guías para el laboratorio de control automático | ||
| 260 | |c 2004 |a [San José, Costa Rica] | ||
| 300 | |a vii, 106 hojas : ilustraciones | ||
| 500 | |a Proyecto de graduación (bachillerato en ingeniería eléctrica)--Universidad de Costa Rica. Facultad de Ingeniería. Escuela de Ingeniería Eléctrica | ||
| 650 | |x CONTROL AUTOMATICO |x MANUALES DE CAPACITACION |9 6331 | ||
| 700 | |9 6553 |a Leiva, Pablo Andrés | ||
| 942 | |c TFG | ||
| 999 | |c 17583 |d 17583 | ||
